000 00450 a2200157 4500
005 20250416064326.0
020 _a0-471-32823-5
082 _a657.48 KIN
100 _aKING, T. E.
245 _aFinancial Accounting: A Decision -Making Approach
250 _a2nd Ed.
260 _aNew York,
_bJohn Wiley,
_c2001.
300 _axxiii, 711p.: ill.; picture, table.
_bGlossary, index.
_c27cm.
700 _aLEMBKE, V. C. & SMITH, J. H.
942 _2ddc
_cBKS
999 _c1489
_d1489